|
|
|
|
| LEADER |
00924nam a2200145Ia 4500 |
| 001 |
25693 |
| 008 |
170722s9999 xx 000 0 und d |
| 100 |
|
|
|a Satyu Yamaguti
|
| 245 |
|
|
|a Systma helminthum 3v. V1. Digenetic trematodes of vertebratesV2. Cestodes of vertebrates, V3. Nematodes of Vertebrates /
|
| 260 |
|
|
|c 1957.
|
| 942 |
|
|
|c GEN
|
| 999 |
|
|
|c 60896
|d 60896
|
| 952 |
|
|
|0 0
|1 0
|4 0
|6 K_61564R_J7_1_000000000000000_1J7_1_2_J7_2_J7_3_1J7_3_2
|7 0
|9 86837
|a LIB
|b LIB
|d 2017-08-12
|o K61:564(R) J7.1.1-J7.1.2, J7.2, J7.3.1-J7.3.2
|p 91579
|r 2017-08-12
|w 2017-08-12
|y GEN
|
| 952 |
|
|
|0 0
|1 0
|4 0
|6 K_61564R_J7_1_000000000000000_1J7_1_2_J7_2_J7_3_1J7_3_2
|7 0
|9 86838
|a LIB
|b LIB
|d 2017-08-12
|o K61:564(R) J7.1.1-J7.1.2, J7.2, J7.3.1-J7.3.2
|p 97391
|r 2017-08-12
|w 2017-08-12
|y GEN
|
| 952 |
|
|
|0 0
|1 0
|4 0
|6 K_61564R_J7_1_000000000000000_1J7_1_2_J7_2_J7_3_1J7_3_2
|7 0
|9 86839
|a LIB
|b LIB
|d 2017-08-12
|o K61:564(R) J7.1.1-J7.1.2, J7.2, J7.3.1-J7.3.2
|p 97394
|r 2017-08-12
|w 2017-08-12
|y GEN
|